<?xml version="1.0" encoding="UTF-8"?>
<record
    xmlns:xsi="http://www.w3.org/2001/XMLSchema-instance"
    xsi:schemaLocation="http://www.loc.gov/MARC21/slim http://www.loc.gov/standards/marcxml/schema/MARC21slim.xsd"
    xmlns="http://www.loc.gov/MARC21/slim">

  <leader>01122cam a22002172  4500</leader>
  <datafield tag="999" ind1=" " ind2=" ">
    <subfield code="c">16495</subfield>
    <subfield code="d">16495</subfield>
  </datafield>
  <controlfield tag="001">0000025015</controlfield>
  <controlfield tag="003">OSt</controlfield>
  <controlfield tag="005">20170919095656.0</controlfield>
  <controlfield tag="008">140416s         xx           000 0 eng d</controlfield>
  <datafield tag="040" ind1=" " ind2=" ">
    <subfield code="a">KABU</subfield>
    <subfield code="c">KABU</subfield>
  </datafield>
  <datafield tag="050" ind1=" " ind2=" ">
    <subfield code="a">The HG2039                                                                                                                         </subfield>
    <subfield code="b">.K4M37 2016 C.1        </subfield>
  </datafield>
  <datafield tag="100" ind1="1" ind2=" ">
    <subfield code="a">Marita, Ruth Mwango </subfield>
  </datafield>
  <datafield tag="245" ind1="1" ind2="3">
    <subfield code="a">Effects of internal control on financial performance of saccos                                                                                                                                                                  </subfield>
    <subfield code="b">a survey of saccos in Nakuru county,Kenya                           </subfield>
    <subfield code="c">Ruth Mwango Marita</subfield>
  </datafield>
  <datafield tag="260" ind1=" " ind2=" ">
    <subfield code="a">Nakuru :</subfield>
    <subfield code="b">Kabarak University,</subfield>
    <subfield code="c">2016.</subfield>
  </datafield>
  <datafield tag="300" ind1=" " ind2=" ">
    <subfield code="a">x, 72 leaves</subfield>
  </datafield>
  <datafield tag="502" ind1=" " ind2=" ">
    <subfield code="a">Thesis (MBA) - Kabarak University, 2016.</subfield>
  </datafield>
  <datafield tag="650" ind1=" " ind2="0">
    <subfield code="a">Savings and credit cooperative soccietes              </subfield>
    <subfield code="z"> Kenya.</subfield>
  </datafield>
  <datafield tag="650" ind1=" " ind2="0">
    <subfield code="a">Co-operative societies</subfield>
    <subfield code="v">Finance</subfield>
  </datafield>
  <datafield tag="908" ind1=" " ind2=" ">
    <subfield code="a">140416</subfield>
  </datafield>
  <datafield tag="942" ind1=" " ind2=" ">
    <subfield code="2">lcc</subfield>
    <subfield code="c">THE</subfield>
    <subfield code="h">The HG2039 .K4M37 2016</subfield>
    <subfield code="k">The</subfield>
  </datafield>
  <datafield tag="952" ind1=" " ind2=" ">
    <subfield code="0">0</subfield>
    <subfield code="1">0</subfield>
    <subfield code="2">lcc</subfield>
    <subfield code="7">0</subfield>
    <subfield code="a">KABU</subfield>
    <subfield code="b">KABU</subfield>
    <subfield code="d">2017-09-19</subfield>
    <subfield code="i">2017/0054</subfield>
    <subfield code="l">2</subfield>
    <subfield code="o">The HG2039                                                                                                                          .K4M37 2016 C.1</subfield>
    <subfield code="p">027188</subfield>
    <subfield code="r">2019-02-15 00:00:00</subfield>
    <subfield code="s">2019-02-15</subfield>
    <subfield code="t">C.1</subfield>
    <subfield code="w">2017-09-19</subfield>
    <subfield code="y">THE</subfield>
  </datafield>
  <datafield tag="952" ind1=" " ind2=" ">
    <subfield code="0">0</subfield>
    <subfield code="1">0</subfield>
    <subfield code="2">lcc</subfield>
    <subfield code="7">0</subfield>
    <subfield code="a">KABU</subfield>
    <subfield code="b">KABU</subfield>
    <subfield code="d">2017-09-19</subfield>
    <subfield code="i">2017/0054</subfield>
    <subfield code="l">6</subfield>
    <subfield code="o">The HG2039                                                                                                                          .K4M37 2016 C.2</subfield>
    <subfield code="p">027260</subfield>
    <subfield code="r">2025-11-27 11:59:45</subfield>
    <subfield code="s">2025-07-03</subfield>
    <subfield code="t">C.2</subfield>
    <subfield code="w">2017-09-19</subfield>
    <subfield code="y">THE</subfield>
  </datafield>
  <datafield tag="952" ind1=" " ind2=" ">
    <subfield code="0">0</subfield>
    <subfield code="1">0</subfield>
    <subfield code="2">lcc</subfield>
    <subfield code="7">0</subfield>
    <subfield code="a">KABU</subfield>
    <subfield code="b">KNTC</subfield>
    <subfield code="d">2017-09-19</subfield>
    <subfield code="l">8</subfield>
    <subfield code="o">KTC The HG2039                                                                                                                          .K4M37 2016 C.1</subfield>
    <subfield code="p">027201</subfield>
    <subfield code="r">2022-10-17 00:00:00</subfield>
    <subfield code="s">2022-09-05</subfield>
    <subfield code="t">C.1</subfield>
    <subfield code="w">2017-09-19</subfield>
    <subfield code="y">THE</subfield>
  </datafield>
  <datafield tag="952" ind1=" " ind2=" ">
    <subfield code="0">0</subfield>
    <subfield code="1">0</subfield>
    <subfield code="2">lcc</subfield>
    <subfield code="7">0</subfield>
    <subfield code="a">KABU</subfield>
    <subfield code="b">KABU</subfield>
    <subfield code="d">2017-09-19</subfield>
    <subfield code="l">0</subfield>
    <subfield code="o">The HG2039                                                                                                                          .K4M37 2016 C.1</subfield>
    <subfield code="r">2017-09-19 00:00:00</subfield>
    <subfield code="w">2017-09-19</subfield>
    <subfield code="y">THE</subfield>
  </datafield>
</record>
